Malvína, šlahačková víla

Bibliographic Details
Main Author: Meadows, Daisy (Author)
Other Authors: Ripper, Georgie, 1977- (Illustrator), Drugová, Ildikó, 1966- (Translator)
Format: Book
Language:Slovak
English
PhysicalDescription:72 s. ilustr. 20 cm
Published: Bratislava Slovart 2008
ISBN:9788080856137
Edition:[1. vyd.]
Series:Čarovná dúha
Subjects:

MARC

LEADER 00000cam a2200000 a 4500
001 vtls009449904
003 SK-MaSNL
005 20260301081942.0
008 251029s2008 xo a b 000 j slo
015 |a SNBA2009/02-00558 
020 |a 9788080856137  |q (brož.) 
040 |a SNK  |b slo  |c SNK  |e AACR2 
041 1 |a slo  |h eng 
044 |a xo  |c SK 
072 7 |a 821.111-3  |x Anglická próza, anglicky písaná  |2 konspekt 
072 7 |a 821-93  |x Literatúra pre deti a mládež  |2 konspekt 
080 |a 821.111-34  |2 2001 
080 |a 821-93  |2 2001 
100 1 |a Meadows, Daisy  |4 aut  |9 93775 
240 1 4 |a The party fairies. Cherry the cake fairy  |l Slovensky 
245 1 0 |a Malvína, šlahačková víla  |c napísala Daisy Meadows ; ilustrovala Georgie Ripper ; [z anglického originálu preložila Ildikó Drugová] 
250 |a [1. vyd.] 
260 |a Bratislava  |b Slovart  |c 2008 
300 |a 72 s.  |b ilustr.  |c 20 cm 
490 1 |a Čarovná dúha  |v 8 
655 7 |a publikácie pre deti  |2 SNKPH  |9 70148 
655 7 |a anglické rozprávky  |2 SNKPH  |9 70609 
700 1 |a Ripper, Georgie,  |d 1977-  |4 ill  |9 217102 
700 1 |a Drugová, Ildikó,  |d 1966-  |4 trl  |9 110928 
830 0 |a Čarovná dúha  |9 330362 
919 |a 978-80-8085-613-7 
958 |a DB 
958 |a LX 
958 |a UP 
968 |b ENG  |d 821 
999 |c 657269  |d 659199 
952 |a SNK  |b SNK  |y PREZ  |7 0  |p 17A0607871  |o snkSD 77960  |i snk2009/556  |8 0  |0 0  |1 0  |4 0  |d 2009-01-21  |l 0  |r 2025-11-25 00:00:00  |w 2026-02-23 
952 |a SNK  |b SNK  |y VYP  |7 0  |p 17A0607872  |o snkSD 77960 D1  |i snk2009/558  |8 0  |0 0  |1 0  |4 0  |d 2009-01-21  |l 0  |r 2017-06-30 00:00:00  |w 2026-02-23